01442cam a22003137a 4500001001000000003000500010005001700015008004100032010001000073011001000083035001000093040000900103082001900112110005300131245006500184260004300249300002900292490006900321505037900390650003400769650003300803650003400836650004400870650003600914650003300950650004200983650003401025830006901059000059822CHAP20220329140845.0971013s1953 r 00010 d a58756 a59728 a63888 cCHAP a333.7207bI58e aInstituto Panamericano de Geografía e Historia14aLos estudios sobre los recursos naturales en las Américas. aMéxico, D.F. :bEl Instituto,c1953. a9 v. :b: ilus. ; mapas. 0aProyecto 29 del Programa de Cooperación Técnica de la O.E.A. aContenido: v.1 Estudio preliminar en Guatemala, El Salvador, Honduras, Nicaragua, Costa Rica, Panamá, y Zona del Canal.- v.2 Estudio preliminar en Colombia y Venezuela.- v.3 Estudio preliminar en Cuba, Haití, Rep. Dominicana y Puerto Rico.- v.4 Estudi. -- v.5 Estudio preliminar en la región del Caribe: América Central, Las Antillas, Colombia, Venezuela y México.14aAgrónomos latinoamericanos.14aBiólogos latinoamericanos.14aBotánicos latinoamericanos.14aEscuelas agrícolasxAmérica Latina.14aEscuelas agrícolasxMéxico.14aGeólogos latinoamericanos.14aRecursos naturalesxAmérica Latina.14aRecursos naturalesxMéxico.0 aProyecto 29 del Programa de Cooperación Técnica de la O.E.A.